000 01151nam0a22002531 4500
001 rc\158907
005 20260407093719.0
035 _a(NLR Aleph) 005424928
090 _a7515621
_c7515621
100 _a20030307d1996 |||y0rusy50 ca
101 0 _arus
102 _aRU
105 _ay |||||||||
200 1 _aМЕТОДЫ преподавания биологии
_eУчеб.-метод. пособие для студентов естеств. фак. ун-та
_fГос. ком. Рос. Федерации по высш. образованию. Тамб. гос. ун-т им. Г.Р. Державина
_g[Сост.: Колонтаев В.М., д. б. н., проф.]
210 _aТамбов
_cТГУ
_d1996
215 _a119 с.
_d20
320 _aБиблиогр.: с. 116-118
702 1 _aКолонтаев
_bВ.М.
_f1930-
_gВасилий Митрофанович
_4220
712 0 2 _aТамбовский государственный университет им. Г. Р. Державина
_3RU\NLR\AUTH\889917219
_9330608
801 0 _aRU
_bNLR
_gpsbo
801 1 _aRU
_bELAR
_2rusmarc
852 _aNLR
_j97-3/2451
942 _cBOOK
980 _aNB